Trace metals in combustion systems / (Record no. 7582)

MARC details
000 -LEADER
fixed length control field 00863nac a22002291u 4500
010 ## - LIBRARY OF CONGRESS CONTROL NUMBER
LC control number 94014013
020 ## - INTERNATIONAL STANDARD BOOK NUMBER
International Standard Book Number 0126912653
082 00 - DEWEY DECIMAL CLASSIFICATION NUMBER
Classification number 621.4023
Item number TIL
090 ## - LOCALLY ASSIGNED LC-TYPE CALL NUMBER (OCLC); LOCAL CALL NUMBER (OCLC)
-- 7582
-- 7582
100 ## - MAIN ENTRY--PERSONAL NAME
Personal name Tillman, David A.
245 10 - TITLE STATEMENT
Title Trace metals in combustion systems /
Statement of responsibility, etc by David A. Tillman.
260 ## - PUBLICATION, DISTRIBUTION, ETC. (IMPRINT)
Place of publication, distribution, etc San Diego :
Name of publisher, distributor, etc Academic Press,1994
Date of publication, distribution, etc c1994.
300 ## - PHYSICAL DESCRIPTION
Extent x, 276 p. :
Other physical details ill. ;
Dimensions 24 cm.
500 ## - GENERAL NOTE
General note distributer: Al-Ahram
504 ## - BIBLIOGRAPHY, ETC. NOTE
Bibliography, etc Includes bibliographical references and index.
511 ## - PARTICIPANT OR PERFORMER NOTE
Participant or performer note catalogued by: wessam
650 #0 - SUBJECT ADDED ENTRY--TOPICAL TERM
Topical term or geographic name as entry element Metals
General subdivision Environmental aspects.
650 #0 - SUBJECT ADDED ENTRY--TOPICAL TERM
Topical term or geographic name as entry element Flue gases
General subdivision Purification.
856 42 - ELECTRONIC LOCATION AND ACCESS
Materials specified Publisher description
Uniform Resource Identifier <a href="http://www.loc.gov/catdir/description/els032/94014013.html">http://www.loc.gov/catdir/description/els032/94014013.html</a>
856 42 - ELECTRONIC LOCATION AND ACCESS
Materials specified Table of contents
Uniform Resource Identifier <a href="http://www.loc.gov/catdir/toc/els032/94014013.html">http://www.loc.gov/catdir/toc/els032/94014013.html</a>
942 ## - ADDED ENTRY ELEMENTS (KOHA)
Item type Book - Borrowing
Call number prefix 621.4023TIL
Holdings
Withdrawn status Item status Damaged status Not for loan Home library Current library Shelving location Date acquired Source of acquisition Total Checkouts Full call number Barcode Date last seen Koha item type
        Central Library Central Library First floor 29/01/2008 Purchase   621.4023TIL 000008999 15/07/2025 Book - Borrowing